MARC details
| 000 -LEADER |
| fixed length control field |
02744cam a2200469 a 4500 |
| 001 - CONTROL NUMBER |
| control field |
14546640 |
| 005 - DATE AND TIME OF LATEST TRANSACTION |
| control field |
20080505114845.0 |
| 008 - FIXED-LENGTH DATA ELEMENTS--GENERAL INFORMATION |
| fixed length control field |
060912s2007 nju b 001 0 eng |
| 010 ## - LIBRARY OF CONGRESS CONTROL NUMBER |
| LC control number |
2006030034 |
| 015 ## - NATIONAL BIBLIOGRAPHY NUMBER |
| National bibliography number |
GBA736822 |
| Source |
bnb |
| 016 7# - NATIONAL BIBLIOGRAPHIC AGENCY CONTROL NUMBER |
| Record control number |
013745984 |
| Source |
Uk |
| 020 ## - INTERNATIONAL STANDARD BOOK NUMBER |
| International Standard Book Number |
9780691127279 (hbk. : alk. paper) |
| 020 ## - INTERNATIONAL STANDARD BOOK NUMBER |
| International Standard Book Number |
0691127271 (hbk. : alk. paper) |
| 035 ## - SYSTEM CONTROL NUMBER |
| System control number |
(OCoLC)ocm71350472 |
| 035 ## - SYSTEM CONTROL NUMBER |
| System control number |
(OCoLC)71350472 |
| 040 ## - CATALOGING SOURCE |
| Original cataloging agency |
DLC |
| Transcribing agency |
DLC |
| Modifying agency |
DLC |
| 043 ## - GEOGRAPHIC AREA CODE |
| Geographic area code |
awba--- |
| -- |
ma----- |
| 050 00 - LIBRARY OF CONGRESS CALL NUMBER |
| Classification number |
JQ1850.A91 |
| Item number |
J346 2007 |
| 082 00 - DEWEY DECIMAL CLASSIFICATION NUMBER |
| Classification number |
300.9174927 |
| Edition number |
22 |
| Item number |
JAM |
| 100 1# - MAIN ENTRY--PERSONAL NAME |
| Personal name |
Jamal, Amaney A., |
| Dates associated with a name |
1970- |
| 245 10 - TITLE STATEMENT |
| Title |
Barriers to democracy : |
| Remainder of title |
The other side of social capital in Palestine and the Arab world / |
| Statement of responsibility, etc |
Amaney A. Jamal. |
| 260 ## - PUBLICATION, DISTRIBUTION, ETC. (IMPRINT) |
| Place of publication, distribution, etc |
Princeton, N.J. : |
| Name of publisher, distributor, etc |
Princeton University Press, |
| Date of publication, distribution, etc |
c2007. |
| 300 ## - PHYSICAL DESCRIPTION |
| Extent |
xii, 173 p. ; |
| Dimensions |
24 cm. |
| 504 ## - BIBLIOGRAPHY, ETC. NOTE |
| Bibliography, etc |
Includes bibliographical references and index. |
| 505 0# - FORMATTED CONTENTS NOTE |
| Formatted contents note |
Introduction: Democratic outcomes and associational life -- Associational life in the centralized authoritarian context of the West Bank -- The polarization of Palestinian associational life -- Trust, engagement, and democracy -- Beyond Palestine : Morocco, Jordan, and Egypt -- Conclusion: Toward a theory of democratic citizenship in state-centralized nations -- Appendix A: Survey questions and coding of associational members -- Appendix B: Survey questions and coding of general Palestinian population -- Appendix C: Survey questions and coding of general Moroccan population (World Values Survey Questions). |
| 650 #0 - SUBJECT ADDED ENTRY--TOPICAL TERM |
| Topical term or geographic name as entry element |
Civil society |
| Geographic subdivision |
Arab countries. |
| 650 #0 - SUBJECT ADDED ENTRY--TOPICAL TERM |
| Topical term or geographic name as entry element |
Civil society |
| Geographic subdivision |
West Bank. |
| 650 #0 - SUBJECT ADDED ENTRY--TOPICAL TERM |
| Topical term or geographic name as entry element |
Political participation |
| Geographic subdivision |
Arab countries. |
| 650 #0 - SUBJECT ADDED ENTRY--TOPICAL TERM |
| Topical term or geographic name as entry element |
Political participation |
| Geographic subdivision |
West Bank. |
| 650 #0 - SUBJECT ADDED ENTRY--TOPICAL TERM |
| Topical term or geographic name as entry element |
Social capital (Sociology) |
| Geographic subdivision |
Arab countries. |
| 650 #0 - SUBJECT ADDED ENTRY--TOPICAL TERM |
| Topical term or geographic name as entry element |
Social capital (Sociology) |
| Geographic subdivision |
West Bank. |
| 650 #0 - SUBJECT ADDED ENTRY--TOPICAL TERM |
| Topical term or geographic name as entry element |
Associations, institutions, etc. |
| Geographic subdivision |
Arab countries. |
| 650 #0 - SUBJECT ADDED ENTRY--TOPICAL TERM |
| Topical term or geographic name as entry element |
Associations, institutions, etc. |
| Geographic subdivision |
West Bank. |
| 650 #0 - SUBJECT ADDED ENTRY--TOPICAL TERM |
| Topical term or geographic name as entry element |
Authoritarianism |
| Geographic subdivision |
Arab countries. |
| 650 #0 - SUBJECT ADDED ENTRY--TOPICAL TERM |
| Topical term or geographic name as entry element |
Authoritarianism |
| Geographic subdivision |
West Bank. |
| 856 41 - ELECTRONIC LOCATION AND ACCESS |
| Materials specified |
Table of contents only |
| Uniform Resource Identifier |
<a href="http://www.loc.gov/catdir/toc/ecip0620/2006030034.html">http://www.loc.gov/catdir/toc/ecip0620/2006030034.html</a> |
| 856 42 - ELECTRONIC LOCATION AND ACCESS |
| Materials specified |
Publisher description |
| Uniform Resource Identifier |
<a href="http://www.loc.gov/catdir/enhancements/fy0704/2006030034-d.html">http://www.loc.gov/catdir/enhancements/fy0704/2006030034-d.html</a> |
| 856 42 - ELECTRONIC LOCATION AND ACCESS |
| Materials specified |
Contributor biographical information |
| Uniform Resource Identifier |
<a href="http://www.loc.gov/catdir/enhancements/fy0734/2006030034-b.html">http://www.loc.gov/catdir/enhancements/fy0734/2006030034-b.html</a> |
| 942 ## - ADDED ENTRY ELEMENTS (KOHA) |
| Source of classification or shelving scheme |
Dewey Decimal Classification |
| Item type |
Book - Borrowing |